000 00260nam a22001217a 4500
008 171027b xxu||||| |||| 00| 0 eng d
041 _aeng
080 _210TH
_a336
100 _a56
101 _aFIN
245 _aPUBLIC FINANCE
_cHYMAN,D,N
942 _2udc
_cBK
999 _c36232
_d36232